000 00571cam a22001934a 4500
001 11918804
005 20250124095417.0
008 000223s2001 caua b 001 0 eng
020 _a053454603X (pbk.)
050 0 0 _aRA784
_b.B65 2001
082 0 0 _a613.2
_221
100 1 _aBoyle, Marie A.
_q(Marie Ann)
245 1 0 _aPersonal nutrition /
_cMarie A. Boyle.
250 _a4th ed.
260 _aBelmont, CA :
_bWadsworth/Thomson Learning,
_cc2001.
300 _a1 v. (various pagings) :
_bill. (some col.) ;
_c28 cm.
650 0 _aNutrition.
942 _2lcc
_cBK
_e4th ed.
_n0
999 _c2963
_d2963